000
00331nam a2200133Ia 4500
008
240624s9999 xx 000 0 und d
041
_a
eng
082
_a
330.973 GRA
100
_a
GRABELL MICHAEL
245
_a
MONEY WELL SPENT
260
_c
2012
_a
New York
_b
Public Affairs
300
_a
xv, : 389 : p. : cm. ; 23
365
_c
_b
38
999
_c
28330
_d
28330